000
00323nam a2200133Ia 4500
008
190216s9999||||xx |||||||||||||| ||und||
100
_a
Kettle. S.F.A
245
0
_a
Coordination Compounds
250
_a
1st Ed.
260
_b
The English Language Books
_c
1969
300
_a
220
650
_a
Chemistry-Chemistry
942
_c
BK
999
_c
2219
_d
2219